[Event "GER-chT Schools WK II"]
[Site "Verden an der Aller"]
[Date "2011.05.14"]
[Round "1.4"]
[White "Grieb, Daniel"]
[Black "Kropp, Jan Ricardo"]
[Result "1-0"]
[WhiteElo "1411"]
[BlackElo "1148"]
[PlyCount "49"]
[EventDate "2011.05.14"]
[EventType "team-swiss"]
[EventRounds "7"]
[EventCountry "GER"]
[SourceTitle "EXT 2022"]
[Source "ChessBase"]
[SourceDate "2021.10.06"]
[SourceVersion "1"]
[SourceVersionDate "2021.10.06"]
[SourceQuality "1"]
[WhiteTeam "Ingelheim Muenster Gymn U17"]
[BlackTeam "St Johannis Schule U17"]
[WhiteTeamCountry "GER"]
[BlackTeamCountry "GER"]

1. e4 e5 2. Nf3 Nc6 3. Bb5 Nf6 4. d3 d6 5. h3 h6 6. Nc3 a6 7. Ba4 b5 8. Bb3 Nd4 9. Nxd4 exd4 10. Ne2 c5 11. Ng3 Qc7 12. 0-0 Qc6 13. a3 c4 14. dxc4 bxc4 15. Ba2 Qc5 16. Re1 Be7 17. Qe2 Be6 18. Bf4 Nd7 19. Nf5 Bxf5 20. exf5 d5 21. b4 cxb3 22. Bxb3 Nf6 23. Ba4+ Kd8 24. Bd2 g6 25. Bb4 1-0

[Event "Lippe Cup-B 07th"]
[Site "Lieme"]
[Date "2010.10.17"]
[Round "4"]
[White "Reineke, Timon"]
[Black "Kropp, Jan Ricardo"]
[Result "1-0"]
[WhiteElo "1366"]
[BlackElo "1187"]
[PlyCount "83"]
[EventDate "2010.10.15"]
[EventType "swiss"]
[EventRounds "5"]
[EventCountry "GER"]
[SourceTitle "EXT 2012"]
[Source "ChessBase"]
[SourceDate "2011.11.24"]
[SourceVersion "1"]
[SourceVersionDate "2011.11.24"]
[SourceQuality "1"]

1. e4 e5 2. Nf3 Nc6 3. Nc3 Bc5 4. Nxe5 Bxf2+ 5. Kxf2 Nxe5 6. d4 Nc6 7. Be3 d6 8. Bc4 h6 9. Rf1 Nf6 10. Kg1 0-0 11. Qf3 Re8 12. Bb5 Bd7 13. Bxc6 Bxc6 14. d5 Bd7 15. Rae1 Qc8 16. Bxh6 Qd8 17. Bg5 Re5 18. Bxf6 gxf6 19. Qg3+ Kf8 20. Qh4 Rg5 21. Qh8+ Rg8 22. Qxf6 Qxf6 23. Rxf6 Ke7 24. Ref1 Rg7 25. Ne2 Bb5 26. R6f2 Rag8 27. Re1 c6 28. Nd4 Kd7 29. Nxb5 cxb5 30. Ref1 Ke7 31. h4 Rh8 32. Rf4 f6 33. Kh2 Rg6 34. Kh3 Rhg8 35. g4 Rh6 36. h5 a6 37. Kh4 Rc8 38. c3 b4 39. R1f3 bxc3 40. Rxc3 Rch8 41. Rc7+ Kd8 42. Rxb7 1-0